书目信息 |
| 题名: |
儿童教育心理学
|
|
| 作者: | 阿德勒 著 ;张艳华 译 | |
| 分册: | ||
| 出版信息: | 北京 清华大学出版社 2017 |
|
| 页数: | 174页 | |
| 开本: | 24cm | |
| 丛书名: | 西方心理学大师名著典藏系列 | |
| 单 册: | ||
| 中图分类: | G44 | |
| 科图分类: | ||
| 主题词: | 儿童心理学--er tong xin li xue--教育心理学 | |
| 电子资源: | ||
| ISBN: | 978-7-302-45957-6 | |
| 000 | 01245nam 2200289 450 | |
| 001 | 012017000057 | |
| 005 | 20180111085600.98 | |
| 010 | @a978-7-302-45957-6@b@dCNY35.00 | |
| 100 | @a20170421d2017 em y0chiy0121 ea | |
| 101 | 1 | @achi@cger |
| 102 | @aCN@b110000 | |
| 105 | @ay z 000yy | |
| 106 | @ar | |
| 200 | 1 | @a儿童教育心理学@Aer tong jiao yu xin li xue@f(奥) 阿尔弗雷德·阿德勒著@g张艳华译 |
| 210 | @a北京@c清华大学出版社@d2017 | |
| 215 | @a174页@c@d24cm | |
| 225 | 2 | @a西方心理学大师名著典藏系列@Axi fang xin li xue da shi ming zhu dian cang xi lie |
| 314 | @a阿尔弗雷德·阿德勒 (Alfred Adler, 1870-1937年), 奥地利精神病学家。个体心理学的创始人, 人本主义心理学的先驱, 现代自我心理学之父。 | |
| 330 | @a《儿童教育心理学》是心理学大师阿德勒的代表性著作, 旨在帮助父母和老师理解孩子的行为、破解沟通难题、培养孩子的健全人格。本书理论与案例相结合, 直指儿童问题根源, 是培养人格健全、心理健康孩子的经典读本。 | |
| 410 | 0 | @12001 @a西方心理学大师名著典藏系列 |
| 606 | 0 | @a儿童心理学@Aer tong xin li xue@x教育心理学 |
| 690 | @aG44@v5 | |
| 701 | 1 | @a阿德勒@Aa de le@g(Adler, Alfred),@f1870-1937@4著 |
| 702 | 0 | @a张艳华@Azhang yan hua@4译 |
| 801 | 0 | @aCN@b湖北三新@c20170812@g |
| 905 | @aBZT@dG44@e10 | |
| 906 | @dCNY35.00@n5@r1 | |
| 儿童教育心理学/(奥) 阿尔弗雷德·阿德勒著/张艳华译.-北京:清华大学出版社,2017 |
| 174页;24cm.-(西方心理学大师名著典藏系列) |
| ISBN 978-7-302-45957-6:CNY35.00 |
| 《儿童教育心理学》是心理学大师阿德勒的代表性著作, 旨在帮助父母和老师理解孩子的行为、破解沟通难题、培养孩子的健全人格。本书理论与案例相结合, 直指儿童问题根源, 是培养人格健全、心理健康孩子的经典读本。 |
| ● |
| 相关链接 |
|
|
|
正题名:儿童教育心理学
索取号:G44/10
 
预约/预借
| 序号 | 登录号 | 条形码 | 馆藏地/架位号 | 状态 | 备注 |
| 1 | 845871 | 2000845871 | 第二书库/ [索取号:G44/10] | 在馆 | |
| 2 | 845872 | 2000845872 | 第二书库/ [索取号:G44/10] | 在馆 | |
| 3 | 845873 | 2000845873 | 第二书库/ [索取号:G44/10] | 在馆 |